Urquiza y su tiempo /

Saved in:
Bibliografiske detaljer
Hovedforfatter: Bosch Vinelli, Julia Beatriz
Format: Bog
Sprog:English
Udgivet: [Buenos Aires] : Editorial Universitaria de Buenos Aires, [1971].
Udgivelse:Rev. ed.
Serier:Biblioteca de America: temas
Fag:
LEADER 00887nam a2200229 i 4500
001 c000026789
003 CARM
005 00000000000000.0
008 850313s1971 ag 0 eng d
019 1 |a 9250186  |5 LACONCORD2021 
035 |a (OCoLC)221297115  |5 LACONCORD2021 
100 2 |a Bosch Vinelli, Julia Beatriz. 
245 1 0 |a Urquiza y su tiempo /  |c [por] Beatriz Bosch. 
250 |a Rev. ed. 
260 |a [Buenos Aires] :  |b Editorial Universitaria de Buenos Aires,  |c [1971]. 
300 |a 786 p. 
490 0 |a Biblioteca de America: temas 
500 |a Bibliography: p. 719-754. 
600 1 0 |a Urquiza, Justo Jose de,  |c Pres. Argentina,  |d 1801-1870. 
852 8 |b CARM  |h A2:AF33E0  |i B01439  |p 0065524  |f BK 
999 f f |i 13105738-991e-573d-83e7-48e150631225  |s 34d5ae66-a17f-5158-9218-adbd01ef8097 
952 f f |p Can circulate  |a CAVAL  |b CAVAL  |c CAVAL  |d CARM 1 Store  |e B01439  |f A2:AF33E0  |h Other scheme  |i book  |m 0065524